Normal view
MARC view
Entry Personal Name
001 - CONTROL NUMBER
- control field: 262620
003 - CONTROL NUMBER IDENTIFIER
- control field: OSt
005 - DATE AND TIME OF LATEST TRANSACTION
- control field: 20260424143936.0
008 - FIXED-LENGTH DATA ELEMENTS
- fixed length control field: 260424|| aca||aabn | a|a d
040 ## - CATALOGING SOURCE
- Original cataloging agency: OSt
- Transcribing agency: OSt
100 ## - HEADING--PERSONAL NAME
- Personal name: RAMACHANDRARAV (S K).
- Dates associated with a name: ರಾಮಚಂದ್ರ ರಾವ್ (ಎಸ್ ಕೆ)
670 ## - SOURCE DATA FOUND
- Source citation: Work cat.: (OSt)90443: RAMACHANDRARAV (S K). ರಾಮಚಂದ್ರ ರಾವ್ (ಎಸ್ ಕೆ), Gommateshvara., 1975